000 00984nam a22002777i 4500
005 20260413091753.0
008 250906s2025 jo a|||gr|||| 00| 0 eng d
040 _aJO-AmGAM
_erda
043 _aa jo
082 1 4 _a331.8809565
_bH O U
100 1 _aHourani، Hani
_eAuthor.
245 1 0 _aJORDAN LABOUR MOVEMENT :
_bA Visual History /
_cHani Hourani ؛ Researcher Tahani Dana ؛ Text Editor Aladdin Qaraqish ؛ Photo Editor Ali Albashar ؛ Book Designer Elias Tomeh.
250 _aFirst edition.
264 3 1 _aAmman :
_bfriedrich ebert stiftung ،
_c2025.
300 _a187 page.
336 _2rdacontent
_aنص
_btxt
337 _2rdamedia
_aدون وسيط عرض
_bn
338 _2rdacarrier
_aمجلد
_bnc
650 1 7 _aLabor movements.
_zJordan.
700 1 _aDana، Tahani
_eResearcher.
700 1 _aQaraqish، Aladdin
_eEditor.
700 1 _aAlbashar، Ali
_ePhoto Editor.
700 1 _aTomeh، Elias
_eDesigner.
942 _2ddc
_cBK
999 _c248043
_d248043